Postmodern public policy /

Bibliographic Details
Main Author: Miller, Hugh T. (Hugh Theodore), 1953-
Format: eBook
Language:English
Published: Albany : State University of New York Press, [2002]
Subjects:
Online Access:Connect to the full text of this electronic book

MARC

Tag First Indicator Second Indicator Subfields
LEADER 00000cam a22000004a 4500
001 in00003387721
006 m d
007 cr |||||||nn|n
008 020220s2002 nyu o d eng d
005 20260608210057.7
010 |z  2002024530 
020 |a 9780791488034 
020 |z 0791454894 (hc : alk. paper) 
020 |z 0791454908 (pb : alk. paper) 
020 |z 9780791454893 
035 |a (MdBmJHUP)muse9780791488034 
040 |a MdBmJHUP  |c MdBmJHUP  |d UtOrBLW 
043 |a n-us--- 
050 0 0 |a JK468.P64  |b M55 2002 
082 0 0 |a 320/.6/0973  |2 21 
100 1 |a Miller, Hugh T.  |q (Hugh Theodore),  |d 1953- 
245 1 0 |a Postmodern public policy /  |c Hugh T. Miller. 
264 1 |a Albany :  |b State University of New York Press,  |c [2002] 
264 4 |c ©2002 
300 |a 1 online resource (xvi, 116 pages ) 
336 |a text  |b txt  |2 rdacontent 
337 |a computer  |b c  |2 rdamedia 
338 |a online resource  |b cr  |2 rdacarrier 
504 |a Includes bibliographical references (pages 105-112) and index. 
588 |a Description based on print version record. 
500 |a Electronic resource. 
650 0 |a Postmodernism  |x Political aspects. 
650 0 |a Political planning  |z United States. 
655 7 |a Electronic books.  |2 local 
856 4 0 |u http://proxy.library.tamu.edu/login?url=https://muse.jhu.edu/books/9780791488034/  |z Connect to the full text of this electronic book  |t 0 
999 |a MARS 
999 f f |s 9a2b7ed5-22d1-3922-9ec7-52cae96d755c  |i 78979fb1-f051-334b-8051-c093dc2bcb7a  |t 0 
952 f f |a Texas A&M University  |b College Station  |c Electronic Resources  |s www_evans  |d Available Online  |t 0  |e JK468.P64 M55 2002  |h Library of Congress classification 
998 f f |a JK468.P64 M55 2002  |t 0  |l Available Online